Jauh berjalan luas pandangan

Bibliographic Details
Main Author: Siti Rusilawati Yusof
Format: Book
Published: Seremban : Advantage Publications , 2020
Series:Siri memperkaya peribahasa
Subjects:

MARC

LEADER 00000cam a2200000 7i4500
001 0000278259
005 20210121093754.0
020 |a 9789672252184 
090 0 0 |a JF   |b SIT 
100 0 |a Siti Rusilawati Yusof 
245 1 0 |a Jauh berjalan luas pandangan   |c Siti Rusilawati Yusof 
260 |a Seremban :   |b Advantage Publications ,   |c 2020 
300 |a 34p. :   |b ill. ;   |c 26cm. 
490 0 |a Siri memperkaya peribahasa 
650 0 |a Children's stories, Malay 
999 |a 00377424   |b BUKU   |c PINJAMAN   |e PERPUSTAKAAN KOMUNITI CAW KOTA DAMANSARA